00389nam a2200145Ia 4500008004100000020001500041041001200056082001600068100002400084245006000108260003700168300000800205650001600213700001400229221030s9999 xx 000 0 und d a8185336008 aEnglish a105.23bkRI aE. V. Krishnamurthy 0aNumerical Algorithmscby E. V. Krishnamurthy, S. K. Sen bEast West PressaNew Delhic2000 a629 aBE Computer aS. K. Sen